Elenca la formazione - Quiz n°212 - Statistics

Statistiche generali
  • Questo quiz è stato fatto 64 volte
  • Il punteggio medio è 10 su 11
Statistiche sulle risposte
Ruolo Nazione Stato % Corretto
Attaccante Portogallo Cristiano Ronaldo
100%
Attaccante Francia Karim Benzema
100%
Centrocampista Croazia Luka Modrić
100%
Portiere Costa Rica Keylor Navas
98%
Centrocampista Germania Toni Kroos
98%
Difensore Spagna Sergio Ramos
96%
Difensore Spagna Daniel Carvajal
89%
Difensore Brasile Marcelo
89%
Difensore Francia Raphaël Varane
89%
Centrocampista Brasile Casemiro
86%
Attaccante Spagna Isco
70%
Nessun quiz corrispondente trovato
Distribuzione punteggi
Percentuale di utenti per punteggio
Percentile per numero di risposta
I tuoi punteggi nel tempo
Non hai fatto questo quiz